| 000 | 00755nam a2200301Ia 4500 | ||
|---|---|---|---|
| 008 | 160803s9999 xx 000 0 und d | ||
| 020 | _a0 439409713 | ||
| 100 | _aKirwan, Anna | ||
| 245 | _aLady of Palenque : | ||
| 245 | _bflower of Bacal / | ||
| 245 | _cby Anna Kirwan. | ||
| 260 | _aNew York : | ||
| 260 | _bScholastic Inc. | ||
| 260 | _c2004 | ||
| 300 | _a204 pages : | ||
| 300 | _billustrations ; | ||
| 300 | _c19 cm. | ||
| 440 | _aThe royal diaries. | ||
| 650 | _aCentral America -- History -- 8th century -- | ||
| 650 | _aDiaries -- | ||
| 650 | _aMayas -- | ||
| 650 | _aPrincesses -- | ||
| 650 | _xFiction. | ||
| 650 | _xFiction. | ||
| 650 | _xJuvenile fiction. | ||
| 650 | _xJuvenile fiction. | ||
| 700 | _a1070 | ||
| 999 |
_c299416 _d299416 |
||